000 00501cam a22001217a 4500
008 180718b1974 xxu||||| |||| 00| 0 eng d
082 _aA81x54 In2/71/2/PT10A&B/M
100 _aCensus of India 1971
245 _aAndhra Pradesh district census handbook,, Mahbubnagar: village and town directory, village and town primary census abstract
260 _aHyderabad
_bThe Government of Andhra Pradesh
_c1974
300 _a394+p.
440 _aCensus of India 1971. Series-2, Andhra Pradesh. Part X-A & Part X-B
999 _c484851
_d484851